MARC

LEADER 00000nam0a2200000 4500
001 299460
005 20231102001214.0
035 |a (RuTPU)RU\TPU\book\324612 
090 |a 299460 
100 |a 20150629d1982 k y0rusy50 ca 
101 0 |a rus 
102 |a RU 
105 |a a z 001zy 
200 1 |a Исследование зависимости прочности деревянных конструкций от технологии их изготовления  |e сборник научных трудов  |f Центральный научно-исследовательский институт строительных конструкций им. В. А. Кучеренко (ЦНИИСК им. Кучеренко) ; под ред. Л. М. Ковальчука, А. С. Фрейдина 
210 |a Москва  |c Изд-во ЦНИИ строительных конструкций  |d 1982 
215 |a 192 с.  |c ил. 
320 |a Библиогр. в конце ст. 
606 1 |a Деревянные конструкции  |2 stltpush  |3 (RuTPU)RU\TPU\subj\9115  |9 36397 
610 1 |a прочность 
610 1 |a технология 
610 1 |a изготовление 
610 1 |a древесина 
610 1 |a качество 
610 1 |a строительные конструкции 
610 1 |a клеи 
610 1 |a технологические параметры 
610 1 |a клееные конструкции 
675 |a 624.011.1  |v 4 
702 1 |a Ковальчук  |b Л. М.  |4 340 
702 1 |a Фрейдин  |b А. С.  |4 340 
712 0 2 |a Центральный научно-исследовательский институт строительных конструкций им. В. А. Кучеренко (ЦНИИСК им. Кучеренко)  |2 stltpush  |3 (RuTPU)RU\TPU\col\9545 
801 1 |a RU  |b 63413507  |c 20150629 
801 2 |a RU  |b 63413507  |c 20190325  |g RCR 
942 |c BK